00358nam a2200097Ia 45000010005000000080041000050820020000461000061000662450109001272600024002364294241024s9999 xx 000 0 und d aRD/607.07/R426p aRepública Dominicana. Ministerio de Educación. DGTIC 0aPortafolio de proyectos DGTIC. Implementación Metodología Project Management Body of Knowledge PMBOK bSanto Domingoc2013